| 000 | 00926nam a2200253Ia 4500 | ||
|---|---|---|---|
| 003 | OSt | ||
| 005 | 20220918110959.0 | ||
| 006 | a|||||r|||| 00| 0 | ||
| 007 | ta | ||
| 008 | 220915b |||||||| |||| 00| 0 hin d | ||
| 024 | _a21,429 | ||
| 037 | _cReference Collections | ||
| 040 |
_aARTS _cARTS _bhin |
||
| 041 |
_2hin _ahin |
||
| 082 | _aO152,3xN3, M8.2(RR) | ||
| 100 | _aदर्पण, महेश, संपा. | ||
| 245 | 0 | _aस्वातंत्रयोत्तर हिन्दी कहानी - कोश | |
| 246 | _aSvātantrayottar hindī kahānī - kosha | ||
| 260 |
_aनई दिल्ली _bसचिन प्रकाशन भारत _c1988 |
||
| 300 | _a1087पृ0 | ||
| 650 | _aहिन्दी साहित्य | ||
| 942 |
_hO152,3xN3, M8.2(RR) _cREF |
||
| 999 |
_c116171 _d116171 |
||